000
00242nam a2200097Ia 4500
001
655694
005
20250826154541.0
008
250824s9999 xx 000 0 und d
245
0
_a
ON BEŞ TÜRK MASALI
_c
ADNAN BİNYAZAR
260
_b
CAN YAYINLARI
999
_c
655694
_d
655694